Regeneration in European cities (Record no. 120663)

MARC details
000 -LEADER
fixed length control field 01508cai a22002055a 4500
001 - CONTROL NUMBER
control field E143434
008 - FIXED-LENGTH DATA ELEMENTS--GENERAL INFORMATION
fixed length control field 080508u xxk g 000 0 eng d
035 ## - SYSTEM CONTROL NUMBER
System control number (Sirsi) u143434
041 0# - LANGUAGE CODE
Language code of text/sound track or separate title eng
100 ## - MAIN ENTRY--PERSONAL NAME
Personal name Cadell, Christopher
245 00 - TITLE STATEMENT
Title Regeneration in European cities
Remainder of title making connections
520 ## - SUMMARY, ETC.
Summary, etc. A study of successful urban regeneration schemes in mainland Europe to draw lessons for the UK. The report looks at Norra Alvstranden in Gothenburg, Sweden?s second city; Kop van Zuid in Rotterdam, Europe?s main port; and Roubaix in Metropolitan Lille, a former textile town. It makes comparisons with similar places in the UK (Gateshead, North Southwark, and Bradford). An extensive literature review identifies where the UK might learn from Europe. Each case study: sets the context; assesses actions and achievements; looks at benefits for vulnerable groups; sets out the main elements of the scheme; includes reactions from UK partners and outlines implications for UK policy. The study, which used local researchers and involved workshops in the case study cities, concludes with ten key messages - from the need to recognise that cities are in competition to valuing the role of culture in regeneration.
590 ## - LOCAL NOTE (RLIN)
Local note KA
651 #4 - SUBJECT ADDED ENTRY--GEOGRAPHIC NAME
Geographic name Europe
690 ## - LOCAL SUBJECT ADDED ENTRY--TOPICAL TERM (OCLC, RLIN)
Topical term or geographic name as entry element PROPERTY-PROPERTY MANAGEMENT-REGENERATION
700 1# - ADDED ENTRY--PERSONAL NAME
Personal name Falk, Nicholas
700 1# - ADDED ENTRY--PERSONAL NAME
Personal name King, Francesca
856 40 - ELECTRONIC LOCATION AND ACCESS
Uniform Resource Identifier <a href="https://www.jrf.org.uk/bookshop/details.asp?pubid=949">https://www.jrf.org.uk/bookshop/details.asp?pubid=949</a>
Public note View the item free of charge at www.jrf.org.uk
942 ## - ADDED ENTRY ELEMENTS (KOHA)
Suppress in OPAC 0
Holdings
Withdrawn status Lost status Source of classification or shelving scheme Damaged status Not for loan Home library Current library Shelving location Date acquired Total Checkouts Full call number Barcode Date last seen Copy number Price effective from Koha item type
    Dewey Decimal Classification     Virtual Virtual Online 22/05/2008   ONLINE PUBLICATION 143434-2001 06/08/2019 1 06/08/2019 Journal article